Prevenzione è vita

Sábháilte in:
Sonraí bibleagrafaíochta
Údar corparáideach: Lega italiana per la lotta contro i tumori
Rannpháirtithe: Grandinetti, Antonio
Formáid: LEABHAR
Teanga:Béarla
Foilsithe / Cruthaithe: Carugate Lega italiana per la lotta contro i tumori 1987
Clibeanna: Cuir clib leis
Níl clibeanna ann, Bí ar an gcéad duine le clib a chur leis an taifead seo!

MARC

LEADER 00000nam a2200000 4500
005 20231214005032.0
008 231214b |||||||| |||| 00| 0 eng d
040 |c C 
245 |a Prevenzione è vita 
260 |a Carugate   |b Lega italiana per la lotta contro i tumori  |c 1987 
700 |a Grandinetti, Antonio 
710 |a Lega italiana per la lotta contro i tumori 
942 |2 ddc  |c BK  |n 0 
952 |0 0  |1 0  |2 ddc  |4 0  |6 616_994000000000000_GRA_PRE  |7 1  |9 396  |a GE  |b GE  |d 2023-12-12  |l 0  |o 616.994 GRA PRE  |p 4651  |r 2023-12-14 00:49:48  |w 2023-12-14  |y BK 
999 |c 293  |d 293